Crisis de la izquierda: ¿un mal incurable? /
Kaydedildi:
| Yazar: | |
|---|---|
| Materyal Türü: | Metin |
| Etiketler: |
Etiketle
Etiket eklenmemiş, İlk siz ekleyin!
|
MARC
| LEADER | 00000 a a2200000 04500 | ||
|---|---|---|---|
| 001 | 1578 | ||
| 003 | |||
| 040 | |||
| 100 | |a Vega, Patricia | ||
| 245 | |a Crisis de la izquierda: |b ¿un mal incurable? / |c Patricia Vega | ||
| 773 | |g número 19; páginas 13-15 | ||
| 999 | |c 21256 |d 21256 | ||
